| 000 | 03069cam a2200553 4500500 | ||
|---|---|---|---|
| 005 | 20260208003142.0 | ||
| 041 | _afre | ||
| 042 | _adc | ||
| 100 | 1 | 0 |
_aMaisonneuve, Sophie _eauthor |
| 245 | 0 | 0 | _aL’économie de la découverte musicale à l’ère numérique |
| 260 | _c2019. | ||
| 500 | _a22 | ||
| 520 | _aPrenant acte des mutations survenues dans l’économie de la production et de la distribution de la musique avec la « révolution numérique » et de ses implications en termes de consommation, cet article en analyse les effets sur la manière dont les amateurs découvrent de nouvelles musiques : quelle est la place des dispositifs commerciaux, et notamment des algorithmes de recommandation ? La « numérimorphose » des pratiques de consommation musicale est-elle complète à cet égard ? Les « digital natives », en particulier, sont-ils entièrement convertis au régime numérique ? À partir d’une enquête portant sur une trentaine d’entretiens semi-directifs approfondis réalisés auprès de jeunes de 17 à 34 ans, cet article s’efforce de répondre à ces questions. | ||
| 520 | _aAcknowledging the changes that have occurred in the economics of music production and distribution with the “digital revolution”, and its implications in terms of consumption, this article analyses the effects thereof on the ways in which amateurs discover new music. What is the role of commercial devices, and in particular of recommendation algorithms? Is the “digimorphosis” of music consumption practices complete in this respect? Are “digital natives”, in particular, fully converted to the digital regime? Based on a survey of some 30 in-depth semi-structured interviews with individuals aged 17 to 34, this article attempts to answer these questions. | ||
| 690 | _a« arts de faire » | ||
| 690 | _a« révolution numérique » | ||
| 690 | _aalgorithmes | ||
| 690 | _aamateur | ||
| 690 | _abien d’expérience | ||
| 690 | _abien singulier | ||
| 690 | _aconsommation musicale | ||
| 690 | _adécouverte musicale | ||
| 690 | _adispositifs de recommandation | ||
| 690 | _adispositifs/disposition | ||
| 690 | _aengagement | ||
| 690 | _aexpert | ||
| 690 | _aincertitude | ||
| 690 | _aliens forts/liens faibles | ||
| 690 | _aprescription culturelle | ||
| 690 | _aprescription matérielle | ||
| 690 | _a“arts of doing” | ||
| 690 | _a“digital revolution” | ||
| 690 | _aalgorithms | ||
| 690 | _aamateur | ||
| 690 | _acommitment | ||
| 690 | _acultural prescription | ||
| 690 | _aexperience goods | ||
| 690 | _aexpert | ||
| 690 | _afispositif/disposition | ||
| 690 | _amaterial prescription | ||
| 690 | _amusic consumption | ||
| 690 | _amusic discovery | ||
| 690 | _arecommendation devices | ||
| 690 | _asingularities | ||
| 690 | _astrong links/weak links | ||
| 690 | _auncertainty | ||
| 786 | 0 | _nRéseaux | 213 | 1 | 2019-03-21 | p. 49-81 | 0751-7971 | |
| 856 | 4 | 1 | _uhttps://shs.cairn.info/revue-reseaux-2019-1-page-49?lang=fr&redirect-ssocas=7080 |
| 999 |
_c1647285 _d1647285 |
||